|
|
|
|
| LEADER |
00000nam2a2200000 4500 |
| 001 |
343955 |
| 005 |
20231208105839.0 |
| 035 |
|
|
|a (RuTPU)RU\TPU\book\374824
|
| 090 |
|
|
|a 343955
|
| 100 |
|
|
|a 20191128d2019 k y0rusy50 ca
|
| 101 |
0 |
|
|a rus
|
| 102 |
|
|
|a RU
|
| 105 |
|
|
|a a z 001zy
|
| 200 |
0 |
|
|a Т. 330, № 10
|
| 210 |
|
|
|d 2019
|
| 215 |
|
|
|a 239 с.
|c ил.
|
| 320 |
|
|
|a Библиография в конце статей
|
| 330 |
|
|
|a "Известия Томского политехнического университета. Инжиниринг георесурсов" публикует оригинальные работы, обзорные статьи, очерки и обсуждения, охватывающие последние достижения в области геологии, разведки и добычи полезных ископаемых, технологии транспортировки и глубокой переработки природных ресурсов, энергоэффективного производства и преобразования энергии на основе полезных ископаемых, а также безопасной утилизации геоактивов.
|
| 461 |
|
1 |
|0 (RuTPU)RU\TPU\book\353411
|t Известия Томского политехнического университета [Известия ТПУ]. Инжиниринг георесурсов
|l Bulletin of the Tomsk Polytechnic University. Geo Assets Engineering
|f Национальный исследовательский Томский политехнический университет (ТПУ)
|v Т. 330, № 10
|d 2015-
|
| 606 |
1 |
|
|a Научно-технический потенциал
|2 stltpush
|3 (RuTPU)RU\TPU\subj\45166
|9 64427
|
| 610 |
1 |
|
|a сваи
|
| 610 |
1 |
|
|a несущая способность
|
| 610 |
1 |
|
|a расчет
|
| 610 |
1 |
|
|a пласты
|
| 610 |
1 |
|
|a фильтрационные параметры
|
| 610 |
1 |
|
|a информативность
|
| 610 |
1 |
|
|a Северо-Останинское месторождение
|
| 610 |
1 |
|
|a призабойные зоны
|
| 610 |
1 |
|
|a обработка
|
| 610 |
1 |
|
|a скважины-кандидаты
|
| 610 |
1 |
|
|a нефть
|
| 610 |
1 |
|
|a нефтяные запасы
|
| 610 |
1 |
|
|a оценка
|
| 610 |
1 |
|
|a выработка
|
| 610 |
1 |
|
|a влажные материалы
|
| 610 |
1 |
|
|a СВЧ-излучение
|
| 610 |
1 |
|
|a проникновение
|
| 610 |
1 |
|
|a радиация
|
| 610 |
1 |
|
|a конвекция
|
| 610 |
1 |
|
|a теплосброс
|
| 610 |
1 |
|
|a станки-качалки
|
| 610 |
1 |
|
|a роторно-устьевая уравновешивающая система
|
| 610 |
1 |
|
|a нефтяные насосы
|
| 610 |
1 |
|
|a вентильно-индукторные электродвигатели
|
| 610 |
1 |
|
|a отказоустойчивость
|
| 610 |
1 |
|
|a труды учёных ТПУ
|
| 675 |
|
|
|a 62
|v 4
|
| 801 |
|
1 |
|a RU
|b 63413507
|c 20191128
|
| 801 |
|
2 |
|a RU
|b 63413507
|c 20221209
|g RCR
|
| 942 |
|
|
|c CR
|